000 01381nam a2200373 a 4500
999 _c28707
_d28678
001 012984393
003 EG-ScBUE
005 20200915103815.0
008 040906t20052005njuac f 001 0 eng d
020 _a013124700X (pbk.)
020 _a9780131247000 (pbk.)
020 _a0131436201 (CD with book)
040 _aUk
_beng
_erda
_cUk
_dEG-ScBUE
082 0 4 _a657
_bHOR
_222
100 1 _aHorngren, Charles T.,
_d1926-
_eauthor.
245 1 0 _aAccounting /
_cCharles T. Horngren, Stanford University, Walter T. Harrison Jr., Baylor University, Linda Smith Bamber, University of Georgia.
250 _aSixth edition.
250 _aInternational edition.
264 1 _aUpper Saddle River, New Jersey :
_bPrentice Hall / Pearson Education,
_c[2005]
264 4 _cc2005
300 _a1 volume (various pagings) :
_billustrations (color), 3 color portraits ;
_c28 cm +
_e1 CD-ROM (4 3/4 in.)
336 _atext
_btxt
_2rdacontent
336 _aspoken word
_bspw
_2rdacontent
337 _aunmediated
_bn
_2rdamedia
337 _acomputer
_bc
_2rdamedia
338 _avolume
_bnc
_2rdacarrier
338 _acomputer disc
_bcd
_2rdacarrier
500 _aIncludes index.
650 7 _aAccounting.
_2BUEsh
653 _bBUSADM
_cSeptember2020
700 1 _aHarrison, Walter T.,
_cJr.
_eauthor.
700 1 _aBamber, Linda S.
_q(Linda Smith),
_d1954-
_eauthor.
_910319
942 _2ddc
_cBB